Philosophie weilienne et théologie chrétienne chez Henri Bouillard (notice n° 1620545)

détails MARC
000 -LEADER
fixed length control field 01293cam a2200169 4500500
005 - DATE AND TIME OF LATEST TRANSACTION
control field 20260111091208.0
041 ## - LANGUAGE CODE
Language code of text/sound track or separate title fre
042 ## - AUTHENTICATION CODE
Authentication code dc
100 10 - MAIN ENTRY--PERSONAL NAME
Personal name Castro, Michel
Relator term author
245 00 - TITLE STATEMENT
Title Philosophie weilienne et théologie chrétienne chez Henri Bouillard
260 ## - PUBLICATION, DISTRIBUTION, ETC.
Date of publication, distribution, etc. 2005.<br/>
500 ## - GENERAL NOTE
General note 22
520 ## - SUMMARY, ETC.
Summary, etc. La rencontre du philosophe Eric Weil permet au théologien Henri Bouillard de mettre en œuvre son concept de théologie fondamentale, notamment à propos des rapports entre politique et christianisme, et entre philosophie et foi ; mais elle le conforte aussi à ne pas relever les défis de son époque : les théologies politiques et les sciences humaines.
520 ## - SUMMARY, ETC.
Summary, etc. Henri Bouillard, in his theological quest, is inspired by Eric Weil’s philosophy in working out his concept of fundamental theology, especially in what concerns the relationship between politics and christianity, and between philosophy and faith. On the other hand, Weil’s philosophy also guards him against taking up the challenges of our time : political theology and human sciences.
786 0# - DATA SOURCE ENTRY
Note Nouvelle revue théologique | 127 | 2 | 2005-03-12 | p. 236-250 | 0029-4845
856 41 - ELECTRONIC LOCATION AND ACCESS
Uniform Resource Identifier <a href="https://shs.cairn.info/revue-nouvelle-revue-theologique-2005-2-page-236?lang=fr&redirect-ssocas=7080">https://shs.cairn.info/revue-nouvelle-revue-theologique-2005-2-page-236?lang=fr&redirect-ssocas=7080</a>

Pas d'exemplaire disponible.

PLUDOC

PLUDOC est la plateforme unique et centralisée de gestion des bibliothèques physiques et numériques de Guinée administré par le CEDUST. Elle est la plus grande base de données de ressources documentaires pour les Étudiants, Enseignants chercheurs et Chercheurs de Guinée.

Adresse

627 919 101/664 919 101

25 boulevard du commerce
Kaloum, Conakry, Guinée

Réseaux sociaux

Powered by Netsen Group @ 2025